Biggest US State Economies by Decade (1960-2050) - Statistics

General Stats
  • This quiz has been taken 112 times
  • The average score is 94 of 100
Answer Stats
Year Rank GDP Answer % Correct
2. 32.85B California
99%
2. 110.09B California
99%
1980 1. 316.48B California
99%
1990 1. 758.91B California
99%
2000 1. 1.32T California
99%
2010 1. 1.92T California
99%
2020 1. 3.07T California
99%
2030 1. 4.78T California
99%
2040 1. 7.04T California
99%
2. 8.48T California
99%
1960 1. 36.24B New York
99%
1970 1. 110.46B New York
99%
2. 229.57B New York
99%
2. 487.45B New York
99%
2. 826B New York
99%
3. 1.2T New York
99%
3. 1.78T New York
99%
4. 2.59T New York
99%
4. 3.3T New York
99%
4. 4.03T New York
99%
9. 29.53B Florida
98%
8. 93.91B Florida
98%
5. 252.28B Florida
98%
4. 480.28B Florida
98%
4. 748.75B Florida
98%
4. 1.14T Florida
98%
3. 2.73T Florida
98%
3. 4.41T Florida
98%
3. 6.01T Florida
98%
7. 14.86B Texas
98%
6. 50.99B Texas
98%
3. 192.28B Texas
98%
3. 370.59B Texas
98%
3. 724.39B Texas
98%
2. 1.23T Texas
98%
2. 1.82T Texas
98%
2. 4.29T Texas
98%
2. 6.73T Texas
98%
2050 1. 9.27T Texas
98%
10. 300.41B Georgia
95%
8. 642.34B Georgia
95%
10. 1.02T Georgia
95%
3. 19.84B Illinois
95%
3. 62.08B Illinois
95%
4. 143.2B Illinois
95%
4. 275.44B Illinois
95%
5. 478.2B Illinois
95%
5. 658.31B Illinois
95%
5. 872.11B Illinois
95%
5. 1.3T Illinois
95%
6. 1.65T Illinois
95%
6. 2.02T Illinois
95%
5. 16.85B Pennsylvania
95%
4. 55.9B Pennsylvania
95%
5. 124.9B Pennsylvania
95%
6. 241.79B Pennsylvania
95%
6. 403.83B Pennsylvania
95%
6. 597.36B Pennsylvania
95%
6. 785.26B Pennsylvania
95%
6. 1.16T Pennsylvania
95%
8. 1.48T Pennsylvania
95%
10. 1.81T Pennsylvania
95%
10. 616.37B Washington
95%
7. 1.15T Washington
95%
5. 1.69T Washington
95%
5. 2.25T Washington
95%
4. 16.93B Ohio
93%
5. 53.4B Ohio
93%
6. 119.82B Ohio
93%
7. 224.65B Ohio
93%
7. 386.43B Ohio
93%
7. 495.35B Ohio
93%
7. 696.03B Ohio
93%
8. 1.15T Ohio
93%
7. 1.56T Ohio
93%
7. 1.99T Ohio
93%
10. 419.43B North Carolina
92%
9. 8.93B Massachusetts
91%
10 28.49B Massachusetts
91%
10. 67.38B Massachusetts
91%
10. 159.13B Massachusetts
91%
6. 15.64B Michigan
90%
7. 46.79B Michigan
90%
7. 104.57B Michigan
90%
9. 192.39B Michigan
90%
9. 347.43B Michigan
90%
8. 12.46B New Jersey
87%
8. 37.56B New Jersey
87%
9. 85.84B New Jersey
87%
8. 211.68B New Jersey
87%
8. 352.8B New Jersey
87%
8. 488.19B New Jersey
87%
9. 635.41B New Jersey
87%
9. 1.06T New Jersey
87%
9. 1.46T New Jersey
87%
8. 1.87T New Jersey
87%
9. 420.66B Virginia
86%
10. 1.39T Virginia
86%
9. 1.82T Virginia
86%
10. 8.02B Indiana
84%
No matching quizzes found
Score Distribution
Percent of People with Each Score
Percentile by Number Answered
Your Score History
You have not taken this quiz